Statistics for Undertale

Click here to take the quiz!

General Stats

  • This quiz has been taken 521 times
  • The average score is 5 of 6

Answer Stats

HintAnswer% Correct
My childToriel
99%
KILL OR BE KILLEDFlowey
98%
HOITemmie
96%
Old handbuzzer trickSans
93%
Im sorry humanAsgore
87%
NehhehHEHPaparus
14%

Score Distribution

Percentile by Number Answered

Percent of People with Each Score

Your Score History

You have not taken this quiz